000 00382nam a2200133 a 4500
001 000031651
005 20200930063059.0
008 110629s1988 dr 000 0 spa d
040 _aDO-SdBNP
_bspa
_cBNPHU
245 0 3 _aEl cancer en el cuello del utero o matriz y en los senos.
260 _aSanto Domingo :
_bPROFAMILIA,
_c1988.
300 _a12 p. :
_bil. ;
_c22 cm.
049 _aBNPD
999 _c31143
_d31143